| 000 -LEADER |
| fixed length control field |
00860cam a22002534a 4500 |
| 020 ## - INTERNATIONAL STANDARD BOOK NUMBER |
| ISBN |
0821363727 |
| 020 ## - INTERNATIONAL STANDARD BOOK NUMBER |
| ISBN |
9780821363720 |
| 040 ## - CATALOGING SOURCE |
| Transcribing agency |
DLC |
| 082 00 - DEWEY DECIMAL CLASSIFICATION NUMBER |
| Classification number |
304 PAL2006 A064 Or. |
| 245 00 - TITLE STATEMENT |
| Title |
International migration, remittances, and the brain drain / |
| 246 0# - VARYING FORM OF TITLE |
| Title proper/short title |
International migration, remittances, & the brain drain |
| 260 ## - PUBLICATION, DISTRIBUTION, ETC. (IMPRINT) |
| Place of publication |
Washington, DC : |
| Name of publisher |
World Bank : |
| -- |
Palgrave Macmillan, |
| Year of publication |
2006. |
| 300 ## - PHYSICAL DESCRIPTION |
| Number of Pages |
xiv, 274 p. : |
| Other physical details |
ill. ; |
| Dimensions |
23 cm. |
| 650 #0 - SUBJECT ADDED ENTRY--TOPICAL TERM |
| Topical Term |
Emigration and immigration. |
| 650 #0 - SUBJECT ADDED ENTRY--TOPICAL TERM |
| Topical Term |
Migration, Internal. |
| 650 #0 - SUBJECT ADDED ENTRY--TOPICAL TERM |
| Topical Term |
Emigrant remittances. |
| 650 #0 - SUBJECT ADDED ENTRY--TOPICAL TERM |
| Topical Term |
Migrant remittances. |
| 650 #0 - SUBJECT ADDED ENTRY--TOPICAL TERM |
| Topical Term |
Brain drain. |
| 700 1# - ADDED ENTRY--PERSONAL NAME |
| Personal name |
Özden, Çaglar. |
| 700 1# - ADDED ENTRY--PERSONAL NAME |
| Personal name |
Schiff, Maurice W. |
| 856 41 - ELECTRONIC LOCATION AND ACCESS |
| Uniform Resource Identifier |
http://www.loc.gov/catdir/toc/fy0609/2005054335.html |
| 856 42 - ELECTRONIC LOCATION AND ACCESS |
| Uniform Resource Identifier |
https://www.loc.gov/catdir/enhancements/fy1609/2005054335-d.html |
| 942 ## - ADDED ENTRY ELEMENTS (KOHA) |
| Koha item type |
សៀវភៅភាសាអង់គ្លេស |
| 952 ## - LOCATION AND ITEM INFORMATION (KOHA) |
| Withdrawn status [LOCAL, KOHA] |
0 |